Задачи и упражнения по общей химии: учебное пособие

Библиографические подробности
Главный автор: Глинка Н. Л. Николай Леонидович
Примечания:Содержит задачи и упражнения по различным разделам общей химии, в том числе: простейшие стехиометрические расчеты, основные классы неорганических соединений, строение атома, химическая связь, периодическая система элементов, свойства элементов и их соединений. Дополнено двумя новыми разделами: «Эквиваленты окислителей и восстановителей» и «Магнитные и оптические свойства комплексных соединений. Пространственная структура комплексных соединений». Особое внимание уделено строгому применению Международной системы физических единиц (СИ).
Язык:русский
Опубликовано: Москва, КноРус, 2014
Издание:Изд. стер.
Предметы:
Формат: MixedMaterials Книга
Запись в KOHA:https://koha.lib.tpu.ru/cgi-bin/koha/opac-detail.pl?biblionumber=254731

MARC

LEADER 00000nam0a2200000 4500
001 254731
005 20231101232948.0
010 |a 9785406032596 
035 |a (RuTPU)RU\TPU\book\277220 
035 |a RU\TPU\book\211059 
090 |a 254731 
100 |a 20110324d2014 m y0rusy50 ca 
101 0 |a rus 
102 |a RU 
105 |a y j 000zy 
200 1 |a Задачи и упражнения по общей химии  |e учебное пособие  |f Н. Л. Глинка 
205 |a Изд. стер. 
210 |a Москва  |c КноРус  |d 2014 
215 |a 240 с.  |c ил. 
330 |a Содержит задачи и упражнения по различным разделам общей химии, в том числе: простейшие стехиометрические расчеты, основные классы неорганических соединений, строение атома, химическая связь, периодическая система элементов, свойства элементов и их соединений. Дополнено двумя новыми разделами: «Эквиваленты окислителей и восстановителей» и «Магнитные и оптические свойства комплексных соединений. Пространственная структура комплексных соединений». Особое внимание уделено строгому применению Международной системы физических единиц (СИ). 
606 1 |a Химия общая  |2 stltpush  |3 (RuTPU)RU\TPU\subj\67862  |9 83510 
610 1 |a задачи 
610 1 |a упражнения 
610 1 |a стехиометрические расчеты 
610 1 |a неорганические соединения 
610 1 |a атомы 
610 1 |a строение 
610 1 |a радиоактивность 
610 1 |a химическая связь 
610 1 |a химические реакции 
610 1 |a растворы 
610 1 |a электролиты 
610 1 |a электрохимия 
610 1 |a окислительно-восстановительные реакции 
610 1 |a комплексные соединения 
610 1 |a металлы 
610 1 |a сплавы 
610 1 |a химические элементы 
610 1 |a периодическая система 
610 1 |a учебные пособия 
675 |a 54(076)  |v 3 
700 1 |a Глинка  |b Н. Л.  |g Николай Леонидович 
801 1 |a RU  |b 63413507  |c 20140324 
801 2 |a RU  |b 63413507  |c 20211207  |g RCR 
900 |a Общая химия 
942 |c BK 
959 |a 55/20140320  |d 100  |e 370,00  |f ЧЗТЛ:1  |f АНЛ:1  |f УФ:98